000 00848nam a2200241 i 4500
003 DO-SdBNP
005 20240305073655.0
008 110801s1954 dr ac r 000 0 spa d
040 _aDO-SdBNP
_bspa
_cBNPHU
_erda
082 _bA957g
110 2 _aAviación Militar Dominicana
_958664
245 1 0 _aGuerra dominico-haitiana :
_bDocumentos para su estudio /
_cselección de E. Rodríguez Demorizi.
250 _a2a. edición
264 1 _aCiudad Trujillo, República Dominicana :
_bDominicana,
_c1954.
300 _axix, 420 páginas
_bilustraciones, retratos.
_c23 cm.
336 _2rdacontent
_atexto
_btxt
337 _2rdamedia
_asin mediación
_bn
338 _2rdacarrier
_avolumen
_bnc
590 _aInventariado, 2023/ YL
700 1 _aRodríguez Demorizi, Emilio,
_d1908-1986
_eselección
_91039
910 _aYLockward
942 _2ddc
_cLBS1
999 _c54758
_d54758